[Event "CAN-ch U12"]
[Site "Vancouver"]
[Date "2012.07.04"]
[Round "5"]
[White "Tjia Gan, Nicholas"]
[Black "Goldblatt, Taylor"]
[Result "1-0"]
[WhiteElo "870"]
[BlackElo "426"]
[PlyCount "129"]
[EventDate "2012.07.03"]
[EventType "swiss"]
[EventRounds "7"]
[EventCountry "CAN"]
[SourceTitle "EXT 2022"]
[Source "ChessBase"]
[SourceDate "2021.10.06"]
[SourceVersion "1"]
[SourceVersionDate "2021.10.06"]
[SourceQuality "1"]

1. e4 e5 2. Nf3 Nc6 3. d4 d6 4. Bb5 a6 5. Bxc6+ bxc6 6. Qd3 Nf6 7. dxe5 dxe5 8. Nxe5 Be6 9. Bg5 Qxd3 10. cxd3 Be7 11. Nxc6 h6 12. Bxf6 Bxf6 13. Nc3 0-0 14. Rc1 Rae8 15. Na7 Bg5 16. Rc2 Rd8 17. Nd5 Ra8 18. Rxc7 Rab8 19. b3 Rfe8 20. f4 Bh4+ 21. g3 Bf6 22. Nc6 Rb5 23. Nxf6+ gxf6 24. Nd4 Rb4 25. Nf5 Kh7 26. Nd6 Rd8 27. Nxf7 Bxf7 28. Rxf7+ Kg6 29. Rc7 Rxd3 30. f5+ Kg5 31. Rg7+ Kh5 32. Rg6 Rxe4+ 33. Kf2 Rd2+ 34. Kf3 Rb4 35. g4+ Rxg4 36. Rxg4 Rxa2 37. Rg6 Ra3 38. Rxf6 Rxb3+ 39. Kf4 Rb4+ 40. Ke5 Kg5 41. Rg1+ Kh5 42. Rgg6 Rb5+ 43. Ke6 Rb6+ 44. Kf7 Rb7+ 45. Kg8 Re7 46. Rg7 Re8+ 47. Rf8 Re5 48. Kh7 Rc5 49. Rg6 Rc7+ 50. Rg7 Rxg7+ 51. Kxg7 Kg5 52. Rf6 Kh5 53. Rxh6+ Kg5 54. Rf6 Kg4 55. Kg6 Kf4 56. Rb6 Ke5 57. f6 Kd5 58. f7 Kc5 59. Rf6 Kd5 60. f8Q Ke5 61. Qe7+ Kd5 62. Rd6+ Kc5 63. Qc7+ Kb5 64. Rb6+ Ka5 65. Qa7 1-0